Exercises in environmental physics

Αποθηκεύτηκε σε:
Λεπτομέρειες βιβλιογραφικής εγγραφής
Κύριος συγγραφέας: Faraoni, Valerio
Μορφή: Βιβλίο
Γλώσσα:English
Δημοσίευση: New York : Springer, 2006
Θέματα:
Ετικέτες: Προσθήκη ετικέτας
Δεν υπάρχουν, Καταχωρήστε ετικέτα πρώτοι!

MARC

LEADER 00000nam a2200000 i 4500
001 1/90938
008 080711s2006 eng d
020 |a 0-387-33912-4 
035 |l 10098921 
040 |a GR-MY-UA  |b gre  |e aacr 
041 0 |a eng 
082 0 |a 530  |2 (22) 
100 1 |a Faraoni, Valerio. 
245 1 0 |a Exercises in environmental physics /  |c Valerio Faraoni 
260 |a New York :   |b Springer,   |c 2006 
300 |a xiii, 330 σ.;  |c 24 εκ. 
504 |a Ευρετήριο: σ. 327-330 
650 0 0 |a Environmental sciences. 
650 0 0 |a Physics. 
650 0 0 |a Atmospheric physics. 
852 |a INST  |b LESVOS  |e 20080711  |h 530 FAR  |p 005100042718  |q 005100042718  |t BK  |y 0 
901 |a BIBL1-2008-2 
909 |a Λ  |b 143376 
922 |a 1ΕΛΗ  |b 200712  |c ΕΠΕΑΕΚ2/ΤΠ  |d ΕΛΕΥΘΕΡΟΥΔΑΚΗΣ 
970 |a ΧΑΤΖΗΜΙΧΑΗΛ  |b ΜΑΡΙΑ  |z 2008/07/11